|
|
|
|
| LEADER |
01485nam a2200409 4500 |
| 001 |
ocn455550008 |
| 003 |
OCoLC |
| 005 |
20180501121925.0 |
| 006 |
m o d |
| 007 |
cr ||||||||||| |
| 008 |
091009s1964 nyu o 000 0 eng d |
| 040 |
|
|
|a UIU
|b eng
|e pn
|c UIU
|d OCLCQ
|d KUK
|d VVL
|d OCLCQ
|d TEF
|d OPELS
|d OCLCF
|d ESU
|d GrThAP
|
| 020 |
|
|
|a 0121818071
|
| 020 |
|
|
|a 9780121818074
|
| 024 |
8 |
|
|a ipk201303300007
|
| 035 |
|
|
|a (OCoLC)455550008
|
| 050 |
|
4 |
|a QP601
|
| 082 |
0 |
4 |
|a 572/.7
|2 23
|
| 049 |
|
|
|a TEFA
|
| 245 |
0 |
0 |
|a General subject index.
|n Volume 7,
|p Cumulative subject index, volumes 1-6 /
|c editors-in-chief Sidney P. Colowick, Nathan O. Kaplan.
|
| 246 |
3 |
0 |
|a Cumulative subject index.
|n Volumes 1-6
|
| 260 |
|
|
|a New York [u.a.] :
|b Academic Press,
|c 1964.
|
| 300 |
|
|
|a 1 online resource (IX, 266 pages).
|
| 336 |
|
|
|a text
|b txt
|2 rdacontent
|
| 337 |
|
|
|a computer
|b c
|2 rdamedia
|
| 338 |
|
|
|a online resource
|b cr
|2 rdacarrier
|
| 490 |
1 |
|
|a Methods in enzymology ;
|v v. 7
|
| 650 |
|
0 |
|a Enzymology
|v Indexes.
|
| 650 |
|
2 |
|a Enzymes.
|
| 650 |
|
7 |
|a Enzymology.
|2 fast
|0 (OCoLC)fst00913635
|
| 655 |
|
2 |
|a Periodical Index.
|
| 655 |
|
4 |
|a Electronic books.
|
| 655 |
|
7 |
|a Indexes.
|2 fast
|0 (OCoLC)fst01423761
|
| 700 |
1 |
|
|a Colowick, Sidney P.,
|e editor.
|
| 700 |
1 |
|
|a Kaplan, Nathan O.
|q (Nathan Oram),
|d 1917-1986,
|e editor.
|
| 830 |
|
0 |
|a Methods in enzymology ;
|v volume 7.
|
| 856 |
4 |
0 |
|u https://www.sciencedirect.com/science/bookseries/00766879/7/index/I0
|z Full Text via HEAL-Link
|